00498nam a22001697a 4500020001800000082001400018100002400032245003900056260003300095300001000128650002000138650002500158650001500183942000700198999001900205952010400224 a9789357328401 aM3bAMB/A aAmbikasuthan Mangad aAllohalan/cby Ambikasuthan Mangad aKottayam:bD C Books,c2024. a384p. aNovel Malayalam aLiterature Malayalam aLiterature cBK c181911d181911 00104070aSSUSbSSUScSTACKSd2026-06-01g450.00l0oM3 AMB/Ap109072r2026-06-01w2026-06-01yBK